Les 20 villes les plus peuplées d'Isère (38) - Statistiques

Statistiques générales
  • Ce quiz a été pris 187 fois
  • Le résultat moyen est 10 sur 20
Statistiques - réponses
HINT HINT ANSWER % Correct
156 389 G Grenoble
99%
36 708 É Échirolles
88%
21 604 V Voiron
82%
29 816 B Bourgoin-Jallieu
70%
31 555 V Vienne
70%
38 022 S Saint-Martin-d'Hères
69%
22 471 F Fontaine
61%
18 790 M Meylan
60%
17 930 S Saint-Égrève
55%
11 579 S Sassenage
49%
19 018 V Villefontaine
48%
9 845 V Voreppe
47%
8 463 C Crolles
40%
10 095 E Eybens
38%
17 096 L L'Isle-d'Abeau
35%
10 846 L Le Pont-de-Claix
34%
11 784 S Seyssinet-Pariset
31%
8 557 V Vif
31%
8 584 R Roussillon
17%
10 459 C Charvieu-Chavagneux
10%
Aucun quiz correspondant
Distribution des résultats
% des personnes avec chaque résultat
Percentile par nombre de réponses
Votre historique - résultats
Vous n’avez pas pris ce quiz